|
|
|
|
| LEADER |
01524nam a2200421 a 4500 |
| 001 |
EBC588971 |
| 003 |
MiAaPQ |
| 005 |
20200520144314.0 |
| 006 |
m o d | |
| 007 |
cr cn||||||||| |
| 008 |
100325s2010 njua sb 001 0 eng d |
| 010 |
|
|
|z 2010009569
|
| 020 |
|
|
|z 9780470596302
|
| 020 |
|
|
|z 9780470875919
|
| 020 |
|
|
|z 9780470875926
|
| 020 |
|
|
|z 9781118119037
|
| 020 |
|
|
|a 9780470875902 (electronic bk.)
|
| 035 |
|
|
|a (MiAaPQ)EBC588971
|
| 035 |
|
|
|a (Au-PeEL)EBL588971
|
| 035 |
|
|
|a (CaPaEBR)ebr10488521
|
| 035 |
|
|
|a (CaONFJC)MIL302504
|
| 035 |
|
|
|a (OCoLC)710888825
|
| 040 |
|
|
|a MiAaPQ
|c MiAaPQ
|d MiAaPQ
|
| 050 |
|
4 |
|a HD30.28
|b .K6654 2010
|
| 100 |
1 |
|
|a Kontes, Peter W.
|
| 245 |
1 |
4 |
|a The CEO, strategy, and shareholder value
|h [electronic resource] :
|b making the choices that maximize company performance /
|c Peter Kontes.
|
| 260 |
|
|
|a Hoboken, N.J. :
|b John Wiley,
|c c2010.
|
| 300 |
|
|
|a xviii, 254 p. :
|b ill.
|
| 490 |
1 |
|
|a Wiley corporate F & A
|
| 504 |
|
|
|a Includes bibliographical references and index.
|
| 533 |
|
|
|a Electronic reproduction. Ann Arbor, MI : ProQuest, 2015. Available via World Wide Web. Access may be limited to ProQuest affiliated libraries.
|
| 650 |
|
0 |
|a Strategic planning.
|
| 650 |
|
0 |
|a Organizational effectiveness.
|
| 650 |
|
0 |
|a Corporations
|x Valuation.
|
| 655 |
|
4 |
|a Electronic books.
|
| 710 |
2 |
|
|a ProQuest (Firm)
|
| 830 |
|
0 |
|a Wiley corporate F & A.
|
| 856 |
4 |
0 |
|u https://ebookcentral.proquest.com/lib/matrademy/detail.action?docID=588971
|z Click to View
|